000 00662nam a2200241Ia 4500
005 20231219100524.0
008 131103s9999 xx 000 0 und d
020 _a333929195
_cRs.88
040 _aLoreto College
041 _aEnglish
082 _a428
_bMOH
100 _aMohan, Krishna
245 _aDeveloping Communication Skills,
_cKrishna Mohan and Meera Banerji
260 _aDelhi
_bMacmillan India limited
_c1990
300 _axv,295 p.
_b ill.
504 _aIncludes index
630 _aCommunicative Skills
650 _aCommunicative English
651 _aEnglish Language
700 _aBanerji, Meera
850 _aLCLIB
942 _cBK
999 _c7117
_d57596